Top 100 Fifa 22 Player Ratings - Statistics

General Stats
  • This quiz has been taken 202 times
  • The average score is 44 of 100
Answer Stats
Hint Answer % Correct
93, PSG Messi
99%
91, PSG Neymar
98%
91, PSG Mbappe
97%
91, Man United Ronaldo
97%
90, Tottenham Kane
96%
92, Bayern Munich Lewandowski
96%
91, Man City De Bruyne
91%
90, Bayern Munich Neuer
90%
89, Liverpool Salah
90%
91, Atlético Madrid Oblak
89%
90, Chelsea Kante
88%
89, Liverpool Mane
83%
89, PSG Donnarumma
80%
90, Barcelona Ter Stegen
80%
89, Liverpool Alisson
79%
89, Real Madrid Benzema
77%
89, Tottenham Son
75%
89, Bayern Munich Kimmich
69%
88, BVB Haaland
68%
88, Real Madrid Kroos
68%
88, PSG Ramos
64%
89, Real Madrid Courtois
62%
88, Atlético Madrid Suarez
60%
89, Man City Ederson
58%
87, Liverpool Robertson
55%
88, Chelsea Lukaku
53%
87, PSG Marquinhos
53%
87, Bayern Munich Muller
53%
89, Real Madrid Casemiro
52%
85, Liverpool Firmino
48%
86, Man City Bernardo Silva
47%
85, Real Sociedad David Silva
47%
85, Atlético Madrid Griezmann
47%
85, BVB Reus
47%
85, Chelsea Thiago Silva
47%
87, Man City Ruben Dias
46%
87, Liverpool Alexander-Arnold
45%
88, Man United Bruno Fernandes
45%
87, Man United Pogba
45%
87, PSG Verratti
45%
86, Leicester City Vardy
44%
88, PSG Navas
43%
87, PSG Di Maria
42%
87, Juventus Dybala
42%
88, Man City Sterling
42%
86, Liverpool Fabinho
41%
87, Bayern Munich Goretzka
38%
87, Lazio Immobile
38%
86, Man City Rodri
38%
87, Barcelona | 87, Man United Sancho
38%
86, Man United Varane
38%
86, Liverpool Thiago
37%
86, BVB Hummels
36%
87, Tottenham Lloris
36%
86, Barcelona Sergio Busquets
36%
85, PSG Hakimi
35%
86, Man City Mahrez
35%
85, Real Madrid Hazard
34%
86, Napoli Insigne
34%
86, Barcelona Jordi Alba
34%
85, Inter Milan Martinez
33%
85, Man United Rashford
33%
87, Barcelona Aguero
32%
85, Man City Gundogan
31%
85, Bayern Munich Gnabry
29%
86, Man City Joao Cancelo
29%
85, Chelsea Jorginho
29%
86, Villareal Parejo
29%
85, Man City Walker
29%
84, Real Madrid Alaba
27%
85, Juventus Bonucci
27%
86, Juventus Chiellini
27%
86, Napoli Koulibaly
27%
86, Villareal Gerard Moreno
26%
85, Arsenal Aubameyang
25%
85, Real Madrid Carvajal
25%
85, Atlético Madrid Koke
25%
86, Man City Laporte
25%
86, Bayern Munich Coman
24%
86, Inter Milan Handanovic
24%
85, Leicester City Schmeichel
23%
85, Man United Cavani
21%
85, Barcelona Depay
21%
85, Borussia M'gladbach Sommer
21%
85, Real Sociedad Oyarzabal
20%
86, Inter Milan Skriniar
20%
84, Man United Shaw
19%
86, Wolfsburg Casteels
18%
84, Inter Milan Barella
17%
85, Juventus De Ligt
17%
89, Liverpool Van Djik
17%
87, Juventus Szczesny
16%
85, Inter Milan De Vrij
15%
86, Atlético Madrid Llorente
15%
85, Lazio Milinkovic-Savic
15%
85, Leicester City Ndidi
14%
85, RP Leipzig Gulacsi
12%
85, Sevilla Gomez
11%
87, Real Madrid Madrid
2%
No matching quizzes found
Score Distribution
Percent of People with Each Score
Percentile by Number Answered
Your Score History
You have not taken this quiz